Freedom to learn : (Record no. 784)

MARC details
000 -LEADER
fixed length control field 00875cam a2200289 4500
005 - DATE AND TIME OF LATEST TRANSACTION
control field 20260322212034.0
008 - FIXED-LENGTH DATA ELEMENTS--GENERAL INFORMATION
fixed length control field data
010 ## - LIBRARY OF CONGRESS CONTROL NUMBER
LC control number 72075629 //r85
020 ## - INTERNATIONAL STANDARD BOOK NUMBER
International Standard Book Number 0675095190
020 ## - INTERNATIONAL STANDARD BOOK NUMBER
International Standard Book Number 9780675095198
040 ## - CATALOGING SOURCE
Original cataloging agency DLC
Transcribing agency DLC
Modifying agency YUS
-- YUS
049 ## - LOCAL HOLDINGS (OCLC)
Holding library YUSC
050 0# - LIBRARY OF CONGRESS CALL NUMBER
Classification number LB1051
Item number .R636
090 ## - LOCALLY ASSIGNED LC-TYPE CALL NUMBER (OCLC); LOCAL CALL NUMBER (RLIN)
Classification number (OCLC) (R) ; Classification number, CALL (RLIN) (NR) LB 1027 R631f 1969
001 - CONTROL NUMBER
control field data
100 1# - MAIN ENTRY--PERSONAL NAME
Personal name Rogers, Carl R.
Dates associated with a name 1902-
Fuller form of name (Carl Ransom),
245 10 - TITLE STATEMENT
Title Freedom to learn :
Remainder of title a view of what education might become /
Statement of responsibility, etc. Carl R. Rogers.
260 ## - PUBLICATION, DISTRIBUTION, ETC.
Place of publication, distribution, etc. Columbus, Ohio,
Name of publisher, distributor, etc. C. E. Merrill Pub. Co.
Date of publication, distribution, etc. [1969]
300 ## - PHYSICAL DESCRIPTION
Extent x, 358 p.
Dimensions 24 cm.
440 #0 - SERIES STATEMENT/ADDED ENTRY--TITLE
Title Studies of the person
500 ## - GENERAL NOTE
General note Rev. ed. published as: Freedom to learn for the 80's. c1983.
504 ## - BIBLIOGRAPHY, ETC. NOTE
Bibliography, etc. note Includes bibliographical references.
590 ## - LOCAL NOTE (RLIN)
Local note Includes bibliographies.
650 #0 - SUBJECT ADDED ENTRY--TOPICAL TERM
Topical term or geographic name entry element Learning, Psychology of.
650 #2 - SUBJECT ADDED ENTRY--TOPICAL TERM
Topical term or geographic name entry element Education.
650 #2 - SUBJECT ADDED ENTRY--TOPICAL TERM
Topical term or geographic name entry element Learning.
Holdings
Withdrawn status Lost status Damaged status Not for loan Home library Current library Shelving location Date acquired Total checkouts Full call number Barcode Date last seen Price effective from Koha item type
        Fairview Fairview General stacks 22/03/2026   LB1051 .R636 BC0010806 22/03/2026 22/03/2026 Books